<?xml version="1.0" encoding="UTF-8"?>
<collection xmlns="http://www.loc.gov/MARC21/slim">
 <record>
  <leader>01416caa a22003852  4500</leader>
  <controlfield tag="001">1643736310</controlfield>
  <controlfield tag="003">DE-627</controlfield>
  <controlfield tag="005">20180730164112.0</controlfield>
  <controlfield tag="007">tu</controlfield>
  <controlfield tag="008">160405s1981    xx |||||      00| ||fre c</controlfield>
  <datafield tag="035" ind1=" " ind2=" ">
   <subfield code="a">(DE-627)1643736310</subfield>
  </datafield>
  <datafield tag="035" ind1=" " ind2=" ">
   <subfield code="a">(DE-576)463688724</subfield>
  </datafield>
  <datafield tag="035" ind1=" " ind2=" ">
   <subfield code="a">(DE-599)BSZ463688724</subfield>
  </datafield>
  <datafield tag="040" ind1=" " ind2=" ">
   <subfield code="a">DE-627</subfield>
   <subfield code="b">ger</subfield>
   <subfield code="c">DE-627</subfield>
   <subfield code="e">rakwb</subfield>
  </datafield>
  <datafield tag="041" ind1=" " ind2=" ">
   <subfield code="a">fre</subfield>
  </datafield>
  <datafield tag="084" ind1=" " ind2=" ">
   <subfield code="a">1</subfield>
   <subfield code="2">ssgn</subfield>
  </datafield>
  <datafield tag="100" ind1="1" ind2=" ">
   <subfield code="a">Plard, Henri</subfield>
   <subfield code="4">aut</subfield>
  </datafield>
  <datafield tag="245" ind1="1" ind2="0">
   <subfield code="a">Aux origines de l'humanisme allemand</subfield>
   <subfield code="b">Dürer illustrateur de Celtis</subfield>
  </datafield>
  <datafield tag="264" ind1=" " ind2="1">
   <subfield code="c">1981</subfield>
  </datafield>
  <datafield tag="336" ind1=" " ind2=" ">
   <subfield code="a">Text</subfield>
   <subfield code="b">txt</subfield>
   <subfield code="2">rdacontent</subfield>
  </datafield>
  <datafield tag="337" ind1=" " ind2=" ">
   <subfield code="a">ohne Hilfsmittel zu benutzen</subfield>
   <subfield code="b">n</subfield>
   <subfield code="2">rdamedia</subfield>
  </datafield>
  <datafield tag="338" ind1=" " ind2=" ">
   <subfield code="a">Band</subfield>
   <subfield code="b">nc</subfield>
   <subfield code="2">rdacarrier</subfield>
  </datafield>
  <datafield tag="689" ind1="0" ind2="0">
   <subfield code="d">p</subfield>
   <subfield code="0">(DE-588)11852786X</subfield>
   <subfield code="0">(DE-627)133817024</subfield>
   <subfield code="0">(DE-576)160794544</subfield>
   <subfield code="a">Dürer, Albrecht</subfield>
   <subfield code="d">1471-1528</subfield>
   <subfield code="2">gnd</subfield>
  </datafield>
  <datafield tag="689" ind1="0" ind2="1">
   <subfield code="d">p</subfield>
   <subfield code="0">(DE-588)118519891</subfield>
   <subfield code="0">(DE-627)133394271</subfield>
   <subfield code="0">(DE-576)160546303</subfield>
   <subfield code="a">Celtis, Konrad</subfield>
   <subfield code="d">1459-1508</subfield>
   <subfield code="2">gnd</subfield>
  </datafield>
  <datafield tag="689" ind1="0" ind2="2">
   <subfield code="d">s</subfield>
   <subfield code="0">(DE-588)4123412-1</subfield>
   <subfield code="0">(DE-627)104516488</subfield>
   <subfield code="0">(DE-576)209559519</subfield>
   <subfield code="a">Illustration</subfield>
   <subfield code="2">gnd</subfield>
  </datafield>
  <datafield tag="689" ind1="0" ind2=" ">
   <subfield code="5">(DE-627)</subfield>
  </datafield>
  <datafield tag="773" ind1="0" ind2="8">
   <subfield code="i">In</subfield>
   <subfield code="t">Problèmes d'histoire du christianisme</subfield>
   <subfield code="d">Bruxelles : Ed. de l'Univ., 1973</subfield>
   <subfield code="g">10(1981), Seite 5-24</subfield>
   <subfield code="w">(DE-627)166421960</subfield>
   <subfield code="w">(DE-600)186146-3</subfield>
   <subfield code="w">(DE-576)014781727</subfield>
   <subfield code="x">0778-6751</subfield>
   <subfield code="7">|||s</subfield>
  </datafield>
  <datafield tag="773" ind1="1" ind2="8">
   <subfield code="g">volume:10</subfield>
   <subfield code="g">year:1981</subfield>
   <subfield code="g">pages:5-24</subfield>
  </datafield>
  <datafield tag="935" ind1=" " ind2=" ">
   <subfield code="a">mteo</subfield>
  </datafield>
  <datafield tag="936" ind1="u" ind2="w">
   <subfield code="d">10</subfield>
   <subfield code="j">1981</subfield>
   <subfield code="h">5-24</subfield>
  </datafield>
  <datafield tag="951" ind1=" " ind2=" ">
   <subfield code="a">AR</subfield>
  </datafield>
  <datafield tag="990" ind1=" " ind2=" ">
   <subfield code="a">Dürer, Albrecht</subfield>
  </datafield>
  <datafield tag="990" ind1=" " ind2=" ">
   <subfield code="a">Celtis, Konrad</subfield>
  </datafield>
  <datafield tag="990" ind1=" " ind2=" ">
   <subfield code="a">Illustration</subfield>
  </datafield>
  <datafield tag="999" ind1=" " ind2=" ">
   <subfield code="a">KXP-PPN1643736310</subfield>
   <subfield code="e">3309354717</subfield>
  </datafield>
 </record>
</collection>
